2024-25 NFL SEASON ... EVERY HB TO SCORE A TD - Statistics

General Stats
  • This quiz has been taken 118 times
  • The average score is 58 of 86
Answer Stats
Hint Answer % Correct
ATL (15) Bijan Robinson
95%
WAS (8) Brian Robinson Jr.
95%
PHI (15) Saquon Barkley
95%
BAL (18) Derrick Henry
94%
ARI (9) James Conner
94%
NO (1) Jamaal Williams
92%
DEN (4) Javonte Williams
92%
LAR (16) Kyren Williams
92%
BUF (18) James Cook
91%
CIN (11) Chase Brown
90%
DET (12) David Montgomery
90%
HOU (12) Joe Mixon
90%
GB (16) Josh Jacobs
90%
NO (8) Alvin Kamara
88%
MIA (12) De'Von Achane
88%
IND (12) Jonathan Taylor
88%
PIT (6) Najee Harris
88%
SF (1) Patrick Taylor Jr.
88%
TB (9) Rachaad White
87%
NE (8) Rhamondre Stevenson
87%
JAX (2) Travis Etienne Jr.
87%
LV (1) Zamir White
87%
CAR (11) Chuba Hubbard
86%
DET (20) Jahmyr Gibbs
86%
CLE (4) Nick Chubb
86%
MIN (7) Aaron Jones
84%
NYJ (8) Breece Hall
84%
CHI (6) D'Andre Swift
84%
SEA (8) Kenneth Walker III
84%
LAC (9) J.K. Dobbins
83%
MIA (2) Raheem Mostert
83%
ARI (1) Tony Jones Jr.
83%
SEA (9) Zach Charbonnet
83%
KC (1) Isiah Pacheco
82%
TEN (5) Tony Pollard
82%
TB (8) Bucky Irving
81%
CLE (3) Jerome Ford
79%
NYG (6) Tyrone Tracy Jr.
79%
DAL (3) Ezekiel Elliott
78%
KC (7) Kareem Hunt
78%
DAL (5) Rico Dowdle
78%
ATL (3) Tyler Allgeier
77%
WAS (4) Austin Ekeler
75%
LAC (4) Gus Edwards
75%
PIT (1) Jaylen Warren
75%
JAX (7) Tank Bigsby
75%
CHI (6) Roschon Johnson
74%
BUF (4) Ty Johnson
74%
SF (3) Jordan Mason
71%
BAL (4) Justice Hill
71%
NYG (4) Devin Singletary
69%
LV (5) Alexander Mattison
66%
HOU (2) Dameon Pierce
66%
CIN (3) Zack Moss
65%
NYJ (2) Isaiah Davis
64%
CAR (3) Miles Sanders
64%
BUF (6) Ray Davis
64%
NYJ (3) Braelon Allen
62%
SF (4) Isaac Guerendo
62%
TEN (5) Tyjae Spears
62%
PHI (1) Kenneth Gainwell
58%
GB (5) Emanuel Wilson
57%
NE (1) Antonio Gibson
53%
HOU (2) Cam Akers
53%
MIN (3) Cam Akers
53%
ARI (1) Trey Benson
52%
LV (5) Ameer Abdullah
49%
ARI (1) Emari Demercado
47%
DEN (3) Jaleel McLaughlin
47%
CHI (1) Khalil Herbert
44%
DEN (2) Audric Estime
43%
KC (2) Samaje Perine
39%
TB (3) Sean Tucker
38%
GB (1) Chris Brooks
35%
PIT (1) Cordarrelle Patterson
34%
IND (2) Trey Sermon
34%
HOU (1) Dare Ogunbowale
32%
NO (1) Kendre Miller
29%
WAS (4) Jeremy McNichols
27%
ARI (1) Michael Carter
26%
IND (2) Tyler Goodson
26%
LAC (1) Kimani Vidal
25%
LAC (3) Hassan Haskins
23%
WAS (2) Chris Rodriguez Jr.
22%
ARI (1) DeeJay Dallas
13%
NE (1) JaMycal Hasty
9%
No matching quizzes found
Score Distribution
Percent of People with Each Score
Percentile by Number Answered
Your Score History
You have not taken this quiz